عرض عادي
عرض مارك
- Byatt, A. S.
مدخل إسم شخص
001 - رقم الضبط
- حقل الضبط: 8092
003 - معرف رقم الضبط
- حقل الضبط: OSt
005 - تاريخ ووقت أخر عملية
- حقل الضبط: 20111213151407.0
008 - عناصر بيانات ثابتة الطول
- حقل تحكم ثابت الطول: 111213|||a|||||| | ||| d
040 ## - مصدر الفهرسة
- هيئة الفهرسة الأصلية: OSt
- وكالة الكتابة: OSt
100 ## - مدخل -- أسم شخص
- إسم شخص: Byatt, A. S.
- الشكل الكامل للاسم: (Antonia Susan),
- تواريخ مرتبطة بالاسم: 1936-
670 ## - بيانات المصدر موجوده
- الاستشهاد بالمصدر: Work cat.: (OSt)0: The Oxford book of English short stories /, 2009.
